000 00460nam a2200169Ia 4500
005 20260330112724.0
008 260330s9999||||xx |||||||||||||| ||und||
020 _a9789586770385
041 _aspa
100 _aVarios
245 0 _aNueva Enciclopedia Autodidáctica Tomo Vi: Biología, Anatomía, Botánica /
_cVarios
250 _a1 ed.
260 _aBogotá :
_bZamora Editores Ltda..
_c2000
300 _a232 p.
650 _aENCICLOPEDIA
942 _cBK
999 _c2518
_d2518